000 01170nam a22002537a 4500
005 20110712113829.0
008 110712t xxu||||| |||| 00| 0 mar d
010 _aMAR-21074
020 _c100.00
035 _aMR-13732
037 _bDBAD/PUB
040 _aDPL
_bMR
082 _a891.461
100 _aहडसनकर,रविचन्द्र
_929492
245 _aचवदार तळयाचे पाणी :
_cरविचन्द्र हडसनकर
_bआंबेडकरी गाणी /
246 _aChavdar Talyache Pani : Ambedkari Gani
_bby Ravichander Hadsankar
260 _aअंबाजोगाई
_bसुवर्णभूमी प्रकाशन
_c2011
270 _aमिलिंदनगर,
_bअंबाजोगाई
300 _a94पृ
_b21सेमी(अजिल्द)
650 _aमराठी कवितासंग्रह
_929503
650 _aMarathi Poetry
_929504
942 _2ddc
_cMR
_h891.461
_mहडस
999 _c53793
_d53793